[Event "43. Torneo de La Roda 2016"]
[Site "La Roda ESP"]
[Date "2016.03.24"]
[Round "3.8"]
[White "Suarez Uriel, Adrian"]
[Black "Sedlak, Nikola"]
[Result "0-1"]
[WhiteElo "2310"]
[BlackElo "2547"]
[PlyCount "129"]
[EventDate "2016.03.23"]
[EventType "swiss"]
[EventRounds "9"]
[EventCountry "ESP"]
[Source "lmi"]
[SourceDate "2016.03.23"]

1. e4 e6 2. d4 d5 3. Bd3 dxe4 4. Bxe4 Nf6 5. Bf3 c5 6. Ne2 Nc6 7. Be3 e5 8.
Bxc6+ bxc6 9. dxe5 Qxd1+ 10. Kxd1 Ng4 11. Nd2 Bf5 12. Kc1 Nxe3 13. fxe3 Be7 14.
Rf1 Bg4 15. Nf4 Rd8 16. h3 Bc8 17. Rd1 O-O 18. Ne4 Rxd1+ 19. Kxd1 Bf5 20. Nd6
Bxd6 21. exd6 Rd8 22. Ke2 Rxd6 23. Rd1 Rxd1 24. Kxd1 Be4 25. g3 Kf8 26. Nd3 c4
27. Nf2 Bd5 28. Kd2 Ke7 29. e4 Be6 30. Ke3 Kd6 31. h4 Ke5 32. Nd1 f6 33. Nc3
Bg4 34. Nb1 Be6 35. Nd2 Kd6 36. Nf3 c5 37. Kf4 a5 38. c3 Ke7 39. g4 Bf7 40. Ne1
Kd6 41. Nc2 g5+ 42. hxg5 fxg5+ 43. Kf5 Bg6+ 44. Kxg5 Ke5 45. Ne3 Bf7 46. Nf5
Be6 47. Ng7 h6+ 48. Kh5 Bd7 49. Nf5 Kxe4 50. Nxh6 Kd3 51. Nf5 a4 52. Kg5 Kc2
53. Kf6 Kxb2 54. Ke7 Bc8 55. Kf6 Kxc3 56. g5 Bxf5 57. Kxf5 Kb2 58. g6 c3 59. g7
c2 60. g8=Q c1=Q 61. Ke5 c4 62. Kd4 c3 63. Qb8+ Ka1 64. Qb4 c2 65. Qb5 0-1

[Event "43. Torneo de La Roda 2016"]
[Site "La Roda ESP"]
[Date "2016.03.24"]
[Round "3.9"]
[White "Greenfeld, Alon"]
[Black "Nieves Cabanes, Jose Manuel"]
[Result "1-0"]
[WhiteElo "2537"]
[BlackElo "2288"]
[PlyCount "55"]
[EventDate "2016.03.23"]
[EventType "swiss"]
[EventRounds "9"]
[EventCountry "ESP"]
[Source "lmi"]
[SourceDate "2016.03.23"]

1. Nf3 Nf6 2. c4 e6 3. Nc3 c5 4. g3 b6 5. Bg2 Bb7 6. O-O Be7 7. Re1 O-O 8. e4
d6 9. d4 cxd4 10. Nxd4 Qc8 11. Be3 Nbd7 12. f4 Re8 13. Rc1 a6 14. g4 Nc5 15.
Bf2 g6 16. b4 e5 17. bxc5 exd4 18. Bxd4 bxc5 19. Bxf6 Bxf6 20. e5 Bxg2 21. Kxg2
dxe5 22. Nd5 Bg7 23. fxe5 Bxe5 24. Qf3 Rb8 25. Rc2 f6 26. Rce2 Re6 27. g5 Qc6
28. Ne7+ 1-0

[Event "43. Torneo de La Roda 2016"]
[Site "La Roda ESP"]
[Date "2016.03.24"]
[Round "3.10"]
[White "Matamoros Franco, Carlos S"]
[Black "Esplugas Esteve, Vicenc"]
[Result "1/2-1/2"]
[WhiteElo "2523"]
[BlackElo "2256"]
[PlyCount "42"]
[EventDate "2016.03.23"]
[EventType "swiss"]
[EventRounds "9"]
[EventCountry "ESP"]
[Source "lmi"]
[SourceDate "2016.03.23"]

1. Nf3 Nf6 2. c4 g6 3. g3 Bg7 4. Bg2 O-O 5. O-O c6 6. b3 d5 7. Bb2 dxc4 8. bxc4
c5 9. d3 Nc6 10. Nbd2 Qd6 11. Rb1 h6 12. Ba3 Rb8 13. Nb3 b6 14. d4 Ne4 15. dxc5
Qxd1 16. Rbxd1 Nc3 17. Rd2 Be6 18. Bb2 Bxc4 19. Bxc3 Bxc3 20. Rc2 Bxb3 21. axb3
Bf6 1/2-1/2

[Event "43. Torneo de La Roda 2016"]
[Site "La Roda ESP"]
[Date "2016.03.24"]
[Round "3.11"]
[White "Perez Garcia, Alejandro"]
[Black "Cifuentes Parada, Roberto"]
[Result "0-1"]
[WhiteElo "2300"]
[BlackElo "2469"]
[PlyCount "98"]
[EventDate "2016.03.23"]
[EventType "swiss"]
[EventRounds "9"]
[EventCountry "ESP"]
[Source "lmi"]
[SourceDate "2016.03.23"]

1. c4 c6 2. g3 d5 3. Nf3 Nf6 4. Bg2 e6 5. O-O Bd6 6. d4 O-O 7. Nc3 Nbd7 8. Nd2
dxc4 9. Nxc4 Bc7 10. e4 e5 11. d5 Nb6 12. b3 cxd5 13. exd5 Bg4 14. Qd2 Qd7 15.
Re1 Nxc4 16. bxc4 Ba5 17. Qe3 Bh3 18. Bd2 Bxg2 19. Kxg2 Rac8 20. Qd3 Rfe8 21.
Rac1 h6 22. f3 Bxc3 23. Bxc3 Qd6 24. Bb2 Nd7 25. Ba3 Nc5 26. Bxc5 Qxc5 27. Qe3
f6 28. Kf2 Red8 29. Red1 Rd6 30. Qxc5 Rxc5 31. a4 Kf7 32. Rb1 b6 33. Rdc1 Rd8
34. Ke3 Rdc8 35. Kd3 Ra5 36. Rb4 Rxd5+ 37. cxd5 Rxc1 38. a5 Rd1+ 39. Ke2 Rxd5
40. axb6 axb6 41. Rxb6 Ra5 42. h4 Ra2+ 43. Ke3 h5 44. Rb7+ Kg6 45. g4 Rg2 46.
Rb4 Rh2 47. gxh5+ Kxh5 48. Rb7 Rg2 49. Rb4 g6 0-1

[Event "43. Torneo de La Roda 2016"]
[Site "La Roda ESP"]
[Date "2016.03.24"]
[Round "3.12"]
[White "Antoli Royo, Joaquin Miguel"]
[Black "Collazo Hidalgo-Gato, Niala"]
[Result "0-1"]
[WhiteElo "2453"]
[BlackElo "2231"]
[PlyCount "60"]
[EventDate "2016.03.23"]
[EventType "swiss"]
[EventRounds "9"]
[EventCountry "ESP"]
[Source "lmi"]
[SourceDate "2016.03.23"]

1. e4 c5 2. Nf3 e6 3. d4 cxd4 4. Nxd4 a6 5. Be2 Nf6 6. Nc3 Qc7 7. O-O Bb4 8.
Qd3 Nc6 9. Nxc6 bxc6 10. f4 d5 11. e5 Nd7 12. Qg3 O-O 13. Kh1 Be7 14. Bd2 c5
15. Rae1 f6 16. f5 Nxe5 17. Bh6 Bd6 18. Bf4 Rd8 19. Qh3 Qf7 20. Bh5 Qe7 21. Qg3
Ra7 22. Re2 Bb8 23. Rd1 Rb7 24. b3 Kh8 25. Qh4 Rb4 26. Rf1 exf5 27. a3 g5 28.
Nxd5 Rxd5 29. Bxe5 Rxh4 30. Bxb8 Re4 0-1

[Event "43. Torneo de La Roda 2016"]
[Site "La Roda ESP"]
[Date "2016.03.24"]
[Round "3.13"]
[White "Mingarro Carceller, Sergi"]
[Black "Campora, Daniel H"]
[Result "1/2-1/2"]
[WhiteElo "2295"]
[BlackElo "2449"]
[PlyCount "132"]
[EventDate "2016.03.23"]
[EventType "swiss"]
[EventRounds "9"]
[EventCountry "ESP"]
[Source "lmi"]
[SourceDate "2016.03.23"]

1. e4 e5 2. Nf3 Nc6 3. d4 exd4 4. Nxd4 Bb4+ 5. c3 Bc5 6. Be3 Bb6 7. Nf5 Bxe3 8.
Nxe3 Nf6 9. f3 O-O 10. c4 d6 11. Nc3 Nd7 12. Qd2 Nc5 13. Be2 a5 14. O-O Be6 15.
f4 f6 16. Bf3 a4 17. Rac1 Kh8 18. Nb5 Bg8 19. Nd5 Na6 20. Rfe1 Ne7 21. Nd4 Nc5
22. Re3 Nc8 23. f5 Ne7 24. Nf4 Bf7 25. Bh5 Bxh5 26. Nxh5 Nc6 27. Nf4 Nxd4 28.
Qxd4 Qe8 29. Rh3 Kg8 30. Qd5+ Rf7 31. Ne6 Nxe6 32. fxe6 Re7 33. c5 dxc5 34.
Qxb7 c6 35. Qb6 Rxe6 36. Re3 Rxe4 37. Rxe4 Qxe4 38. Qxc5 Rd8 39. Qf2 h6 40. h3
Rd3 41. Rc2 Rd1+ 42. Kh2 Qe5+ 43. g3 Qd5 44. Qg2 Qd4 45. h4 c5 46. Re2 Kh7 47.
Rc2 c4 48. a3 f5 49. Rf2 c3 50. bxc3 Qxc3 51. Qf3 Qd3 52. Qxf5+ Qxf5 53. Rxf5
Rd3 54. Ra5 Rxa3 55. Kh3 Kg6 56. h5+ Kf6 57. Kg4 Ra1 58. Ra6+ Ke5 59. Rg6 Rb1
60. Rxg7 Rb4+ 61. Kh3 a3 62. Ra7 Rb3 63. Ra6 Kf5 64. Rxh6 Kg5 65. Rh8 Rc3 66.
Rh7 Rb3 1/2-1/2

[Event "43. Torneo de La Roda 2016"]
[Site "La Roda ESP"]
[Date "2016.03.24"]
[Round "3.14"]
[White "Perez Mitjans, Orelvis"]
[Black "Garcia-Castany Musellas, Gal.L"]
[Result "1-0"]
[WhiteElo "2442"]
[BlackElo "2220"]
[PlyCount "61"]
[EventDate "2016.03.23"]
[EventType "swiss"]
[EventRounds "9"]
[EventCountry "ESP"]
[Source "lmi"]
[SourceDate "2016.03.23"]

1. e4 e5 2. Nf3 Nc6 3. Bb5 a6 4. Ba4 Nge7 5. c4 g6 6. d4 exd4 7. Nxd4 Bg7 8.
Be3 O-O 9. Nc3 d6 10. Bxc6 bxc6 11. O-O c5 12. Nde2 Rb8 13. b3 Bb7 14. f4 Qd7
15. Bxc5 Bxe4 16. Nxe4 Qc6 17. Bd4 Qxe4 18. Bxg7 Kxg7 19. Qd4+ Qxd4+ 20. Nxd4
c5 21. f5 Kf6 22. fxg6+ Kxg6 23. Ne2 Nf5 24. Rad1 Rfe8 25. Rf2 Re5 26. g4 Nd4
27. Nxd4 cxd4 28. Rxd4 d5 29. Rxd5 Rxd5 30. cxd5 Rd8 31. Rf5 1-0

[Event "43. Torneo de La Roda 2016"]
[Site "La Roda ESP"]
[Date "2016.03.24"]
[Round "3.15"]
[White "Plaskett, H James"]
[Black "Escudero Manzano, Sergio"]
[Result "1-0"]
[WhiteElo "2438"]
[BlackElo "2206"]
[PlyCount "99"]
[EventDate "2016.03.23"]
[EventType "swiss"]
[EventRounds "9"]
[EventCountry "ESP"]
[Source "lmi"]
[SourceDate "2016.03.23"]

1. e4 c5 2. Nc3 Nc6 3. Bb5 Nd4 4. Nf3 a6 5. Bd3 d6 6. Nxd4 cxd4 7. Ne2 e5 8. c3
dxc3 9. dxc3 d5 10. O-O Nf6 11. Ng3 Be7 12. exd5 Qxd5 13. Qc2 O-O 14. Re1 Rd8
15. Be2 e4 16. Be3 Bf5 17. Nxf5 Qxf5 18. Bf3 g6 19. Bd4 Bc5 20. Bxc5 Qxc5 21.
Bxe4 Nxe4 22. Rxe4 Rd7 23. Qe2 Rad8 24. Re8+ Kg7 25. Rxd8 Rxd8 26. Rd1 Qe7 27.
Kf1 Rxd1+ 28. Qxd1 Qe6 29. b3 h5 30. Qd3 Kh7 31. h4 Qg4 32. g3 Qh3+ 33. Kg1 Qe6
34. c4 b6 35. Qd5 Qe7 36. Qc6 Qd8 37. Qb7 Qe8 38. Qxb6 Qe1+ 39. Kh2 Qe2 40. a3
Qb2 41. a4 Qc2 42. a5 Kg8 43. Qe3 Qa2 44. c5 Qxa5 45. c6 Qc7 46. Qe8+ Kg7 47.
Kg2 Kf6 48. f4 Qe7 49. Qh8+ Kf5 50. Qe5+ 1-0

[Event "43. Torneo de La Roda 2016"]
[Site "La Roda ESP"]
[Date "2016.03.24"]
[Round "3.16"]
[White "Moreno Ibanez, Miguel"]
[Black "Stella, Andrea"]
[Result "1/2-1/2"]
[WhiteElo "2286"]
[BlackElo "2419"]
[PlyCount "87"]
[EventDate "2016.03.23"]
[EventType "swiss"]
[EventRounds "9"]
[EventCountry "ESP"]
[Source "lmi"]
[SourceDate "2016.03.23"]

1. e4 c5 2. Nf3 e6 3. d4 cxd4 4. Nxd4 Nc6 5. Nc3 Qc7 6. Be2 Nf6 7. O-O Be7 8.
Be3 O-O 9. f4 d6 10. Kh1 Nxd4 11. Bxd4 e5 12. Be3 exf4 13. Bxf4 Be6 14. Qe1 Nd7
15. Rd1 Ne5 16. Qg3 a6 17. Rf2 Rad8 18. Bh5 Qb6 19. b3 Qa5 20. Nd5 Bxd5 21.
exd5 Qc7 22. Rdf1 g6 23. Bh6 Rfe8 24. c4 Bf8 25. Bg5 Rb8 26. Bg4 Bg7 27. Be2 b5
28. cxb5 axb5 29. a4 bxa4 30. bxa4 Qb7 31. Bb5 Rec8 32. Rd2 Rc5 33. Qb3 Rbc8
34. Rdd1 Rc2 35. Rc1 R2c5 36. Be3 Rxc1 37. Rxc1 Ng4 38. Rxc8+ Qxc8 39. a5 Bd4
40. Bd7 Qc5 41. Bxg4 Bxe3 42. a6 h5 43. Be2 Kg7 44. g3 1/2-1/2

[Event "43. Torneo de La Roda 2016"]
[Site "La Roda ESP"]
[Date "2016.03.24"]
[Round "3.17"]
[White "Santos Ruiz, Miguel"]
[Black "Salvador Lopez, Daniel"]
[Result "1-0"]
[WhiteElo "2416"]
[BlackElo "2187"]
[PlyCount "65"]
[EventDate "2016.03.23"]
[EventType "swiss"]
[EventRounds "9"]
[EventCountry "ESP"]
[Source "lmi"]
[SourceDate "2016.03.23"]

1. e4 c6 2. Nc3 d5 3. Nf3 Bg4 4. h3 Bh5 5. d4 e6 6. exd5 cxd5 7. g4 Bg6 8. h4
Nc6 9. h5 Be4 10. Nxe4 dxe4 11. Ne5 Nxe5 12. dxe5 Qa5+ 13. c3 Be7 14. Bg2 Rd8
15. Qe2 Qxe5 16. Qxe4 Qxe4+ 17. Bxe4 Rd7 18. Be3 Nf6 19. Bf3 a6 20. Rd1 Rxd1+
21. Kxd1 O-O 22. Kc2 b5 23. Rd1 Rd8 24. Rxd8+ Bxd8 25. g5 Nd5 26. Bxd5 exd5 27.
Kd3 g6 28. hxg6 f6 29. gxh7+ Kxh7 30. Kd4 Bb6+ 31. Kxd5 Bxe3 32. g6+ Kxg6 33.
fxe3 1-0

[Event "43. Torneo de La Roda 2016"]
[Site "La Roda ESP"]
[Date "2016.03.24"]
[Round "3.18"]
[White "Figuero Toro, Julian Francisco"]
[Black "Santiago, Yago De Moura"]
[Result "0-1"]
[WhiteElo "2230"]
[BlackElo "2409"]
[PlyCount "71"]
[EventDate "2016.03.23"]
[EventType "swiss"]
[EventRounds "9"]
[EventCountry "ESP"]
[Source "lmi"]
[SourceDate "2016.03.23"]

1. c4 e6 2. g3 d5 3. Nf3 Nf6 4. Bg2 dxc4 5. Na3 Bxa3 6. bxa3 Nbd7 7. Bb2 O-O 8.
Qc2 c5 9. Rb1 Nb6 10. Ng5 Nbd5 11. Qxc4 h6 12. h4 Re8 13. Nf3 b6 14. O-O Bb7
15. Ne5 Rc8 16. Rfd1 Rc7 17. Rbc1 Qc8 18. d3 Qa8 19. Ng4 Nxg4 20. Qxg4 e5 21.
Qh5 Rce7 22. Be4 Nf6 23. Bxb7 Qxb7 24. Qf5 Qd5 25. Rc4 b5 26. Rc2 a5 27. Rdc1
Nd7 28. Bc3 Re6 29. Bd2 Rf6 30. Qg4 e4 31. Bxa5 exd3 32. exd3 Ne5 33. Qh3 Nf3+
34. Kf1 Qxd3+ 35. Kg2 Qe4 36. Rxc5 0-1

[Event "43. Torneo de La Roda 2016"]
[Site "La Roda ESP"]
[Date "2016.03.24"]
[Round "3.19"]
[White "Sousa, Andre Ventura"]
[Black "Sanchez Carrasco, Fco. Javier"]
[Result "1-0"]
[WhiteElo "2408"]
[BlackElo "2047"]
[PlyCount "83"]
[EventDate "2016.03.23"]
[EventType "swiss"]
[EventRounds "9"]
[EventCountry "ESP"]
[Source "lmi"]
[SourceDate "2016.03.23"]

1. e4 c5 2. Nf3 e6 3. d4 cxd4 4. Nxd4 Nf6 5. Nc3 Nc6 6. Be2 Be7 7. O-O O-O 8.
Nxc6 dxc6 9. e5 Nd7 10. f4 Nc5 11. Bf3 Qxd1 12. Rxd1 a5 13. Be3 f5 14. Rd4 Rb8
15. Rad1 Na6 16. R4d2 Nb4 17. Bb6 Nd5 18. Nxd5 cxd5 19. c4 dxc4 20. Be2 Bb4 21.
Rd8 Be7 22. Rxf8+ Kxf8 23. Bxc4 a4 24. a3 Ra8 25. Kf2 Ke8 26. Bb5+ Kf7 27. Ke3
Kg6 28. Rd4 Kf7 29. g3 h6 30. Rc4 Kf8 31. Kd4 g5 32. Bxa4 gxf4 33. gxf4 Bh4 34.
Ke3 Be7 35. Bb5 Kf7 36. a4 Kf8 37. a5 Kf7 38. Kd3 Kf8 39. Rd4 Bh4 40. Kc4 Be7
41. b4 Bh4 42. Rd3 1-0

[Event "43. Torneo de La Roda 2016"]
[Site "La Roda ESP"]
[Date "2016.03.24"]
[Round "3.21"]
[White "Quintin Navarro, Alberto"]
[Black "Orantes Taboada, Manuel"]
[Result "1-0"]
[WhiteElo "2355"]
[BlackElo "2008"]
[PlyCount "85"]
[EventDate "2016.03.23"]
[EventType "swiss"]
[EventRounds "9"]
[EventCountry "ESP"]
[Source "lmi"]
[SourceDate "2016.03.23"]

1. d4 Nf6 2. c4 g6 3. Nc3 Bg7 4. e4 d6 5. f3 O-O 6. Be3 e5 7. d5 Nh5 8. Nge2 f5
9. Qd2 f4 10. Bf2 a5 11. O-O-O Na6 12. Kb1 b6 13. Nc1 Nc5 14. Bd3 Bd7 15. Bc2
Qe7 16. b3 Rfb8 17. Nd3 g5 18. Qe2 Nf6 19. a3 Ra7 20. Kb2 Rba8 21. Ra1 Kf7 22.
b4 Nxd3+ 23. Qxd3 axb4 24. axb4 Rxa1 25. Rxa1 Rxa1 26. Kxa1 g4 27. Kb2 h5 28.
c5 bxc5 29. bxc5 dxc5 30. Qc4 Bf8 31. d6+ Qe6 32. Bb3 Qxc4 33. Bxc4+ Kg6 34.
dxc7 Bd6 35. Nb5 Ne8 36. Nxd6 Nxd6 37. Ba6 gxf3 38. gxf3 c4 39. Bc5 Nc8 40. Kc3
Kg5 41. Bxc4 Kh4 42. Bf1 Bh3 43. Bf2+ 1-0

[Event "43. Torneo de La Roda 2016"]
[Site "La Roda ESP"]
[Date "2016.03.25"]
[Round "4.1"]
[White "Granda Zuniga, Julio E"]
[Black "Perez Mitjans, Orelvis"]
[Result "1-0"]
[WhiteElo "2688"]
[BlackElo "2442"]
[PlyCount "69"]
[EventDate "2016.03.23"]
[EventType "swiss"]
[EventRounds "9"]
[EventCountry "ESP"]
[Source "lmi"]
[SourceDate "2016.03.23"]

1. e4 c5 2. Nc3 Nc6 3. g3 g6 4. Bg2 Bg7 5. d3 d6 6. Nh3 Nf6 7. O-O O-O 8. f4
Nd4 9. Nf2 Rb8 10. Nb1 e5 11. c3 Nc6 12. f5 gxf5 13. exf5 Bxf5 14. Ne4 Bxe4 15.
dxe4 Ne7 16. Bg5 Ne8 17. Na3 b5 18. Qh5 d5 19. exd5 Nd6 20. Bh3 f6 21. Bh6 b4
22. Nc2 bxc3 23. bxc3 Rb2 24. Ne3 c4 25. Rab1 Rxb1 26. Rxb1 Bxh6 27. Qxh6 Kh8
28. Be6 Ng8 29. Qh4 Ne7 30. Nxc4 Ng6 31. Qg4 f5 32. Qe2 Ne4 33. Qe3 Qc7 34.
Bxf5 Nxg3 35. Bxg6 1-0

[Event "43. Torneo de La Roda 2016"]
[Site "La Roda ESP"]
[Date "2016.03.25"]
[Round "4.2"]
[White "Perez Candelario, Manuel"]
[Black "Plaskett, H James"]
[Result "1-0"]
[WhiteElo "2562"]
[BlackElo "2438"]
[PlyCount "69"]
[EventDate "2016.03.23"]
[EventType "swiss"]
[EventRounds "9"]
[EventCountry "ESP"]
[Source "lmi"]
[SourceDate "2016.03.23"]

1. e4 c5 2. Nf3 e6 3. d4 cxd4 4. Nxd4 a6 5. Bd3 Ne7 6. f4 Nec6 7. Nf3 d6 8. c3
Nd7 9. Be3 Be7 10. Nbd2 O-O 11. Qe2 b5 12. a4 b4 13. Nd4 Bb7 14. Nxc6 Bxc6 15.
cxb4 Qb8 16. O-O Qxb4 17. Bxa6 Qxb2 18. Rab1 Qa2 19. Bb5 Bxb5 20. axb5 d5 21.
exd5 Qxd5 22. Qc4 Nf6 23. b6 Ra2 24. Rb5 Qd7 25. b7 Bd6 26. b8=Q Bxb8 27. Rxb8
Rxd2 28. Rxf8+ Kxf8 29. Qb4+ Rd6 30. Bc5 Ke7 31. Qd4 Ne8 32. Ra1 Qc6 33. h3 g6
34. Ra7+ Kf8 35. Qh8# 1-0

[Event "43. Torneo de La Roda 2016"]
[Site "La Roda ESP"]
[Date "2016.03.25"]
[Round "4.3"]
[White "Cifuentes Parada, Roberto"]
[Black "Ibarra Jerez, Jose Carlos"]
[Result "0-1"]
[WhiteElo "2469"]
[BlackElo "2561"]
[PlyCount "94"]
[EventDate "2016.03.23"]
[EventType "swiss"]
[EventRounds "9"]
[EventCountry "ESP"]
[Source "lmi"]
[SourceDate "2016.03.23"]

1. d4 Nf6 2. Nf3 d5 3. e3 e6 4. Bd3 c5 5. c3 Nc6 6. Nbd2 Qc7 7. O-O Be7 8. dxc5
Bxc5 9. b4 Be7 10. Bb2 O-O 11. a3 a6 12. c4 dxc4 13. Nxc4 b5 14. Ncd2 Bb7 15.
Rc1 Rac8 16. Nb3 Ba8 17. Nc5 Qa7 18. Ng5 h6 19. Nge4 Nxe4 20. Bxe4 Rfe8 21. Qg4
Bf8 22. Qg3 a5 23. Rfd1 Rcd8 24. Rxd8 Rxd8 25. Nxe6 fxe6 26. Qg6 Qd7 27. Qh7+
Kf7 28. Bg6+ Ke7 29. h4 Qd2 30. Rc2 Qd1+ 31. Kh2 Qg4 32. g3 Ne5 33. Rc7+ Kd6
34. Bxe5+ Kxe5 35. f4+ Kd6 36. Rc2 Qd1 37. Be4 axb4 38. axb4 Bxe4 39. Qxe4 Qd5
40. Qg6 Qf5 41. Qxf5 exf5 42. Rc5 Rb8 43. Rxf5 Kc6 44. Rf7 Bxb4 45. Rxg7 Bd6
46. e4 b4 47. e5 b3 0-1

[Event "43. Torneo de La Roda 2016"]
[Site "La Roda ESP"]
[Date "2016.03.25"]
[Round "4.4"]
[White "Forcen Esteban, Daniel"]
[Black "Santos Ruiz, Miguel"]
[Result "1-0"]
[WhiteElo "2549"]
[BlackElo "2416"]
[PlyCount "77"]
[EventDate "2016.03.23"]
[EventType "swiss"]
[EventRounds "9"]
[EventCountry "ESP"]
[Source "lmi"]
[SourceDate "2016.03.23"]

1. e4 c5 2. Nf3 e6 3. d4 cxd4 4. Nxd4 Nc6 5. Nc3 Qc7 6. g3 a6 7. Bg2 h5 8. O-O
h4 9. Re1 hxg3 10. hxg3 d6 11. Nxc6 bxc6 12. e5 d5 13. Na4 Ne7 14. Be3 Qxe5 15.
Nb6 Rb8 16. Bf4 Qxb2 17. Rb1 Rxb6 18. Rxb2 Rxb2 19. c4 f6 20. Bd6 Kf7 21. Qa4
Nf5 22. Bxf8 Rxf8 23. Qxc6 Rc2 24. c5 d4 25. Be4 Ne7 26. Qd6 Rxa2 27. Qxd4 e5
28. Qd6 Ra4 29. Bc2 Rd4 30. Bb3+ Ke8 31. Qb8 Rd8 32. Qc7 Bg4 33. f4 Rd3 34.
Qb8+ Nc8 35. fxe5 Rxg3+ 36. Kh2 Rd3 37. exf6+ Kd8 38. fxg7 Rf2+ 39. Kg1 1-0

[Event "43. Torneo de La Roda 2016"]
[Site "La Roda ESP"]
[Date "2016.03.25"]
[Round "4.5"]
[White "Santiago, Yago De Moura"]
[Black "Lopez Martinez, Josep Manuel"]
[Result "1-0"]
[WhiteElo "2409"]
[BlackElo "2549"]
[PlyCount "99"]
[EventDate "2016.03.23"]
[EventType "swiss"]
[EventRounds "9"]
[EventCountry "ESP"]
[Source "lmi"]
[SourceDate "2016.03.23"]

1. d4 Nf6 2. c4 e6 3. Nf3 d5 4. Nc3 c5 5. cxd5 Nxd5 6. e4 Nxc3 7. bxc3 cxd4 8.
cxd4 Bb4+ 9. Bd2 Bxd2+ 10. Qxd2 O-O 11. Bc4 Nd7 12. O-O b6 13. Rad1 Bb7 14.
Rfe1 Rc8 15. Bd3 Qe7 16. Qf4 Rfd8 17. Bb1 Qf6 18. Qg4 Nf8 19. d5 exd5 20. e5
Qh6 21. Nd4 Rc4 22. f4 Ne6 23. Nxe6 fxe6 24. g3 Bc8 25. Qe2 Rc5 26. Rc1 g6 27.
h4 Qg7 28. Rxc5 bxc5 29. h5 gxh5 30. Kf2 d4 31. Rh1 Bb7 32. Rxh5 h6 33. Rh4 Kf8
34. Qc4 d3 35. Bxd3 Qd7 36. Qxc5+ Kg7 37. Be2 Rc8 38. Qd6 Qxd6 39. Rg4+ Kf7 40.
exd6 Rd8 41. f5 Rxd6 42. Rg6 Bd5 43. Bh5 Kf8 44. f6 e5 45. Rxh6 Bg8 46. g4 Rd4
47. g5 Rf4+ 48. Ke3 Rf5 49. Rh8 a5 50. Ke4 1-0

[Event "43. Torneo de La Roda 2016"]
[Site "La Roda ESP"]
[Date "2016.03.25"]
[Round "4.6"]
[White "Sedlak, Nikola"]
[Black "Sousa, Andre Ventura"]
[Result "1-0"]
[WhiteElo "2547"]
[BlackElo "2408"]
[PlyCount "91"]
[EventDate "2016.03.23"]
[EventType "swiss"]
[EventRounds "9"]
[EventCountry "ESP"]
[Source "lmi"]
[SourceDate "2016.03.23"]

1. e4 c5 2. Nc3 Nc6 3. Bb5 g6 4. Bxc6 dxc6 5. d3 Bg7 6. Be3 b6 7. Qd2 e5 8.
Nge2 Nf6 9. h3 O-O 10. Bh6 Re8 11. Bxg7 Kxg7 12. f4 Nh5 13. O-O-O exf4 14. Nxf4
Nxf4 15. Qxf4 Qf6 16. g3 Qxf4+ 17. gxf4 h5 18. Rdg1 h4 19. b3 Kh6 20. Nd1 Bd7
21. Ne3 f6 22. Ng4+ Bxg4 23. Rxg4 Kh5 24. Rhg1 Rg8 25. e5 f5 26. R4g2 Kh6 27.
Kd2 Rae8 28. a3 a5 29. Rb1 Re6 30. b4 cxb4 31. axb4 axb4 32. Rxb4 b5 33. Rd4
Ra8 34. Kc3 c5 35. Rd5 Rc6 36. Rg1 Ra4 37. Re1 Raa6 38. Rd8 Re6 39. Rc8 Ra4 40.
Rxc5 Rxf4 41. d4 Rf3+ 42. Kb2 f4 43. d5 Re8 44. d6 Re3 45. d7 Rd8 46. Rxe3 1-0

[Event "43. Torneo de La Roda 2016"]
[Site "La Roda ESP"]
[Date "2016.03.25"]
[Round "4.7"]
[White "Garcia, Jhoel"]
[Black "Greenfeld, Alon"]
[Result "0-1"]
[WhiteElo "2342"]
[BlackElo "2537"]
[PlyCount "71"]
[EventDate "2016.03.23"]
[EventType "swiss"]
[EventRounds "9"]
[EventCountry "ESP"]
[Source "lmi"]
[SourceDate "2016.03.23"]

1. e4 c5 2. Nf3 d6 3. d4 cxd4 4. Nxd4 Nf6 5. Nc3 Nc6 6. Bg5 e6 7. Qd2 Be7 8.
O-O-O a6 9. f4 Bd7 10. Nf3 b5 11. e5 b4 12. exf6 bxc3 13. Qxc3 gxf6 14. Bh4 d5
15. Nd4 Rc8 16. Nxc6 Rxc6 17. Qd4 Rg8 18. Kb1 Rg6 19. f5 exf5 20. Bd3 Rg4 21.
Qf2 Bc5 22. Qe1+ Re6 23. Qf1 Rxh4 24. Bxf5 Re5 25. Bxd7+ Kxd7 26. Qxa6 Ke7 27.
g3 Rhe4 28. Rhf1 Qb6 29. Qd3 Rd4 30. Qf3 Kf8 31. h4 Re3 32. Qh5 Ba3 33. b3 Kg7
34. Qf5 Rxd1+ 35. Rxd1 Qd4 36. Qf2 0-1

[Event "43. Torneo de La Roda 2016"]
[Site "La Roda ESP"]
[Date "2016.03.25"]
[Round "4.8"]
[White "Grigoryan, Karen H"]
[Black "Ortin Blanco, Inigo"]
[Result "1-0"]
[WhiteElo "2612"]
[BlackElo "2047"]
[PlyCount "77"]
[EventDate "2016.03.23"]
[EventType "swiss"]
[EventRounds "9"]
[EventCountry "ESP"]
[Source "lmi"]
[SourceDate "2016.03.23"]

1. Nf3 d5 2. g3 Nf6 3. Bg2 Nc6 4. d4 e6 5. O-O Be7 6. c4 dxc4 7. Qa4 O-O 8.
Qxc4 Nb4 9. Ne5 a6 10. a3 b5 11. Qb3 Nbd5 12. e4 Nb6 13. Nc6 Qd7 14. Nxe7+ Qxe7
15. Qb4 Qxb4 16. axb4 Bb7 17. Nc3 Rfd8 18. Rd1 Rd7 19. b3 Rad8 20. Bf4 h6 21.
h3 Nc8 22. Be3 Ne7 23. Rdc1 Nc6 24. e5 Nd5 25. Bxd5 exd5 26. Na2 Re8 27. Rc2
Nd8 28. g4 Ne6 29. f4 g6 30. f5 gxf5 31. gxf5 Ng7 32. Rf1 Kh7 33. Nc1 Rg8 34.
Kh2 c6 35. Rf4 Rc7 36. Ne2 Bc8 37. Ng3 Rh8 38. Rg2 Kg8 39. Nh5 1-0

[Event "43. Torneo de La Roda 2016"]
[Site "La Roda ESP"]
[Date "2016.03.25"]
[Round "4.9"]
[White "Cabezas Ayala, Ivan"]
[Black "Baklan, Vladimir"]
[Result "0-1"]
[WhiteElo "2327"]
[BlackElo "2617"]
[PlyCount "76"]
[EventDate "2016.03.23"]
[EventType "swiss"]
[EventRounds "9"]
[EventCountry "ESP"]
[Source "lmi"]
[SourceDate "2016.03.23"]

1. Nf3 Nf6 2. g3 g6 3. Bg2 Bg7 4. O-O O-O 5. d3 d5 6. Nbd2 c5 7. e4 e6 8. Re1
Nc6 9. c3 a5 10. a4 b6 11. Nf1 d4 12. e5 Nd5 13. c4 Ndb4 14. h4 f6 15. N1h2
fxe5 16. Ng5 Ra7 17. Be4 Rf5 18. g4 Rf8 19. Ngf3 Ne7 20. Bg5 Bb7 21. Bxb7 Rxb7
22. Nxe5 Qc8 23. Nhf3 Nec6 24. Qd2 Qc7 25. Bf4 Nxe5 26. Bxe5 Bxe5 27. Nxe5 Nc6
28. Nxc6 Qxc6 29. Re4 Rbf7 30. Rae1 Qxa4 31. Rxe6 Qd7 32. R1e4 b5 33. Qg5 Rxf2
34. Qxc5 Qf7 35. Qxf8+ Qxf8 36. Re8 Rxb2 37. Rxf8+ Kxf8 38. Rxd4 b4 0-1

[Event "43. Torneo de La Roda 2016"]
[Site "La Roda ESP"]
[Date "2016.03.25"]
[Round "4.10"]
[White "Orantes Taboada, Francisco"]
[Black "Bachmann, Axel"]
[Result "1/2-1/2"]
[WhiteElo "2277"]
[BlackElo "2609"]
[PlyCount "71"]
[EventDate "2016.03.23"]
[EventType "swiss"]
[EventRounds "9"]
[EventCountry "ESP"]
[Source "lmi"]
[SourceDate "2016.03.23"]

1. e4 e5 2. Nf3 Nc6 3. Nc3 Nf6 4. d4 exd4 5. Nxd4 Bb4 6. Nxc6 bxc6 7. Bd3 O-O
8. O-O Re8 9. Qf3 Bd6 10. Qe2 Be5 11. f4 Bd4+ 12. Kh1 d5 13. e5 Ng4 14. Bd2
Nxh2 15. Qh5 Nxf1 16. Qxh7+ Kf8 17. Be1 Be6 18. Bh4 g5 19. Qh6+ Ke7 20. Bxg5+
Kd7 21. Bxd8 Ng3+ 22. Kh2 Raxd8 23. Kxg3 Rh8 24. Qxh8 Rxh8 25. f5 Bxe5+ 26. Kf3
c5 27. Re1 Bf6 28. Bb5+ Kd6 29. fxe6 fxe6 30. Bf1 c6 31. Nd1 e5 32. Nf2 Rf8 33.
g3 e4+ 34. Nxe4+ dxe4+ 35. Rxe4 Bxb2+ 36. Rf4 1/2-1/2